Catálogo
 En Linea
Vista normal Vista MARC

Entrada Nombre corporativo

Número de registros utilizados en: 2

001 - NÚMERO DE CONTROL

  • campo de control: 87949

003 - IDENTIFICADOR DEL NÚMERO DE CONTROL

  • campo de control: DO-SdBNP

005 - FECHA Y HORA DE LA ÚLTIMA TRANSACCIÓN

  • campo de control: 20250602121733.0

008 - DATOS DE LONGITUD FIJA

  • campo de control de longitud fija: 250602|| aca||aabn | a|a d

040 ## - FUENTE DE LA CATALOGACIÓN

  • Centro catalogador/agencia de origen: DO-SdBNP

110 ## - ENCABEZAMIENTO-NOMBRE DE ENTIDAD CORPORATIVA

  • Nombre de entidad corporativa o nombre de jurisdicción como elemento de entrada: República Dominicana. Instituto Duartiano

370 ## - LUGAR ASOCIADO

  • País asociado: República Dominicana

372 ## - CAMPO DE ACTIVIDAD

  • Campo de actividad: Historia

678 ## - DATOS BIOGRÁFICOS O HISTÓRICOS

  • Datos biográficos o históricos: El Instituto Duartiano es una entidad descentralizada, de carácter patriótico, apolítico y cultural con personería jurídica propia. Tiene el propósito de llevar al pueblo dominicano y a otras naciones, la historia de Juan Pablo Duarte e impulsar que, por medio del conocimiento de sus ideales, laboriosidad, honestidad acrisolada y vida ejemplar, exista un mejor ciudadano y la Patria justa y feliz que soñó el Padre de la Patria. Nuestra misión es difundir la vida, obra y ejemplo de Duarte, en primer lugar, y de los trinitarios y los próceres de la Restauración de la Independencia Nacional, en segundo término, para la edificación moral y cívica del pueblo dominicano y su mejor formación. Mientras que, trabajar sin desmayos para que se conozca la verdadera historia, pensamiento y sacrificios de Juan Pablo Duarte y sus discípulos y que las nuevas generaciones trabajen para construir una patria edificada sobre la base de la moral y la responsabilidad ciudadana, es nuestra visión.

Con tecnología Koha